000 01354cam a22003617a 4500
001 14538245
005 20071129171546.0
008 060907s2007 njua 001 0 eng d
010 _a 2006934226
015 _aGBA728950
_2bnb
016 7 _a013716045
_2Uk
020 _a1580113389 (pbk.)
020 _a9781580113380 (pbk.)
035 _a(OCoLC)ocm85893245
040 _aAMP
_cAMP
_dIK2
_dBAKER
_dUKM
_dBTCTA
_dDLC
042 _alccopycat
043 _an-us---
050 0 0 _aNA7205
_b.T89 2007
082 0 4 _a728.3720222
_222
_bSTO
245 0 0 _aTwo-story house plans bible /
_cCreative Homeowner.
246 1 _iAt head of title:
_aCreative Homeowner
260 _aUpper Saddle River, NJ :
_bCreative Homeowner,
_cc2007.
300 _a384 p. :
_bill. (some col.) ;
_c27 cm.
500 _a"Over 450 home plans in full color"--Cover.
500 _aIncludes index.
650 0 _aTwo-story houses
_zUnited States
_vDesigns and plans.
650 0 _aArchitecture, Domestic
_vDesigns and plans.
710 2 _aCreative Homeowner Press.
942 _2ddc
_cBB
999 _c10774
_d10774